| 000 | 01167cad a22002055a 4500 | ||
|---|---|---|---|
| 001 | L157706 | ||
| 008 | 130328e2013 xxk 000 0 eng d | ||
| 035 | _a(Sirsi) u157706 | ||
| 041 | 0 | _aeng | |
| 110 | 2 |
_aUnited Kingdom _bDepartment of Energy and Climate Change _95850 |
|
| 245 | 0 | 0 |
_aEstimated impacts of energy and climate change policies on energy prices and bills _h[electronic resource] |
| 260 |
_aLondon _bDECC _c2013 |
||
| 520 | _aImpact of energy and climate change policies on the gas and electricity bills for households and businesses. Shows that these policies have tempered the impact on household energy bills and householders are paying on average 5% less for their gas and electricity bills as a result of energy and climate change policies compared to if no policies had existed and in 2020 the net saving will reach £166 or 11%. | ||
| 590 | _aKA | ||
| 651 | 4 | _aUnited Kingdom | |
| 690 |
_aEnergy _96237 |
||
| 690 |
_aSustainability _96271 |
||
| 856 | 4 | 0 |
_uhttps://www.gov.uk/government/uploads/system/uploads/attachment_data/file/172923/130326_-_Price_and_Bill_Impacts_Report_Final.pdf _zView the item free of charge at www.gov.uk |
| 942 | _n0 | ||
| 999 |
_c114928 _d114928 |
||